Nalaganje...

Tinkers

Bibliografske podrobnosti
Glavni avtor: Paul Harding
Izdano: Random 2010
LEADER 00159 a2200085 4500
100 |a Paul Harding 
245 |a Tinkers 
260 |c 2010  |b Random 
942 |c BK  |6 _ 
999 |c 70792  |d 70792